| 000 | 00738nam a22002417a 4500 | ||
|---|---|---|---|
| 008 | 131104b xxu||||| |||| 00| 0 eng d | ||
| 020 | _a81-7391-245-9 | ||
| 024 | _cAvailable | ||
| 037 | _cAvailable | ||
| 040 |
_aMBSTU LIBRARY _dMBSTU LIBRARY |
||
| 082 |
_222 _a341.759 MAR |
||
| 110 | _aSnehlata Chandra. | ||
| 245 | _aMarginal communities and social development. | ||
| 260 |
_aNew Delhi _bKanishka Publishing. _c1998 |
||
| 300 |
_a22cm. _b329 page _f1 _g22 cm. |
||
| 600 | _2Economic assistant. | ||
| 650 | _2Economic assistant. | ||
| 710 | _aSnehlata Chandra. | ||
| 270 |
_aNew Delhi _bNew Delhi _dIndia |
||
| 365 |
_b594.00 _d594.00 |
||
| 942 |
_2ddc _cBK |
||
| 999 |
_c782 _d782 |
||